[Event "DVM U20 2016"]
[Site "Borken-Gemen GER"]
[Date "2016.12.28"]
[Round "3"]
[White "Hermann, Tobias"]
[Black "Spiegelberg, Silvia"]
[Result "0-1"]
[Termination "normal"]
[Board "2.6"]
[WhiteElo "1966"]
[BlackElo "1874"]
[WhiteClock "00:35:53"]
[BlackClock "00:28:37"]
[WhiteTeam "SC Eppingen"]
[BlackTeam "SF Sasbach"]
[PlyCount "102"]
[WhiteFideId "12903701"]
[BlackFideId "24654450"]
[EventCountry "GER"]
[EventRounds "7"]
[EventType "team-swiss"]
[EventDate "2016.12.26"]

1. c4 {[%clk 1:30:57]} c5 {[%clk 1:30:06]} 2. Nc3 {[%clk 1:31:16]} Nf6 {[%clk
1:30:10]} 3. Nf3 {[%clk 1:31:34]} d5 {[%clk 1:29:27]} 4. cxd5 {[%clk 1:31:57]}
Nxd5 {[%clk 1:29:50]} 5. g3 {[%clk 1:32:16]} Nc6 {[%clk 1:29:36]} 6. Bg2 {[%clk
1:32:38]} Nc7 {[%clk 1:29:40]} 7. O-O {[%clk 1:32:20]} e5 {[%clk 1:29:55]} 8.
d3 {[%clk 1:31:54]} Be7 {[%clk 1:28:34]} 9. Nd2 {[%clk 1:31:51]} O-O {[%clk
1:22:49]} 10. Nc4 {[%clk 1:28:15]} f6 {[%clk 1:15:45]} 11. f4 {[%clk 1:27:45]}
Be6 {[%clk 1:06:10]} 12. fxe5 {[%clk 1:13:30]} fxe5 {[%clk 1:04:03]} 13. Be3
{[%clk 0:54:20]} Nd5 {[%clk 0:54:18]} 14. Qd2 {[%clk 0:37:40]} Qd7 {[%clk
0:38:13]} 15. Rad1 {[%clk 0:16:04]} Rad8 {[%clk 0:27:50]} 16. a4 {[%clk
0:07:10]} Qe8 {[%clk 0:15:43]} 17. Rxf8+ {[%clk 0:07:01]} Bxf8 {[%clk 0:14:33]}
18. Bg5 {[%clk 0:07:12]} Be7 {[%clk 0:13:00]} 19. Ne4 {[%clk 0:04:23]} Nf6
{[%clk 0:10:27]} 20. Qc1 {[%clk 0:01:16]} Nxe4 {[%clk 0:07:55]} 21. Bxe7 {[%clk
0:01:16]} Nxg3 {[%clk 0:05:57]} 22. Qg5 {[%clk 0:01:30]} Nxe2+ {[%clk 0:04:53]}
23. Kf2 {[%clk 0:00:46]} Qxe7 {[%clk 0:04:45]} 24. Qxe7 {[%clk 0:00:44]} Nxe7
{[%clk 0:05:11]} 25. Kxe2 {[%clk 0:01:13]} Bg4+ {[%clk 0:03:24]} 26. Bf3 {[%clk
0:01:41]} Bxf3+ {[%clk 0:03:32]} 27. Kxf3 {[%clk 0:02:10]} Ng6 {[%clk 0:03:20]}
28. Na5 {[%clk 0:02:01]} Rd7 {[%clk 0:02:44]} 29. Nb3 {[%clk 0:02:14]} b6
{[%clk 0:02:38]} 30. a5 {[%clk 0:02:42]} c4 {[%clk 0:02:16]} 31. Nc1 {[%clk
0:02:55]} Nf4 {[%clk 0:01:26]} 32. Ke4 {[%clk 0:03:08]} Nxd3 {[%clk 0:00:47]}
33. Nxd3 {[%clk 0:03:27]} Rxd3 {[%clk 0:01:03]} 34. Rc1 {[%clk 0:03:39]} b5
{[%clk 0:00:52]} 35. Kxe5 {[%clk 0:03:52]} Rd2 {[%clk 0:01:01]} 36. Rb1 {[%clk
0:03:25]} Rxh2 {[%clk 0:01:22]} 37. Kd6 {[%clk 0:03:49]} a6 {[%clk 0:01:15]}
38. Kc7 {[%clk 0:03:07]} g5 {[%clk 0:00:58]} 39. Rd1 {[%clk 0:02:47]} Rh6
{[%clk 0:00:33]} 40. Rd8+ {[%clk 0:03:15]} Kg7 {[%clk 0:00:48]} 41. Kb7 {[%clk
0:03:04]} g4 {[%clk 0:00:39]} 42. Rd7+ {[%clk 0:03:27]} Kf8 {[%clk 0:00:33]}
43. Rd8+ {[%clk 0:03:44]} Ke7 {[%clk 0:00:44]} 44. Rc8 {[%clk 0:03:33]} g3
{[%clk 0:29:29]} 45. Rc7+ {[%clk 0:34:31]} Kf6 {[%clk 0:29:27]} 46. Kxa6 {[%clk
0:34:49]} g2 {[%clk 0:29:25]} 47. Kxb5 {[%clk 0:34:54]} g1=Q {[%clk 0:28:13]}
48. a6 {[%clk 0:35:21]} Rh5+ {[%clk 0:27:38]} 49. Kc6 {[%clk 0:35:02]} Rc5+
{[%clk 0:27:53]} 50. Kb7 {[%clk 0:35:25]} Rxc7+ {[%clk 0:28:16]} 51. Kxc7
{[%clk 0:35:53]} Qa7+ {[%clk 0:28:37]} 0-1

[Event "DVM U20 2016"]
[Site "Borken-Gemen GER"]
[Date "2016.12.28"]
[Round "3"]
[White "Xu, Xianliang"]
[Black "Kololli, Kevin"]
[Result "1/2-1/2"]
[Termination "normal"]
[Board "3.1"]
[WhiteTitle "FM"]
[WhiteElo "2295"]
[BlackElo "2217"]
[WhiteClock "00:23:36"]
[BlackClock "00:21:13"]
[WhiteTeam "SG Porz"]
[BlackTeam "Lübecker SV"]
[PlyCount "72"]
[WhiteFideId "4603230"]
[BlackFideId "12936863"]
[EventCountry "GER"]
[EventRounds "7"]
[EventType "team-swiss"]
[EventDate "2016.12.26"]

1. e4 {[%clk 1:30:56]} c5 {[%clk 1:30:50]} 2. Nf3 {[%clk 1:31:20]} d6 {[%clk
1:31:10]} 3. Bb5+ {[%clk 1:31:29]} Bd7 {[%clk 1:31:31]} 4. Bxd7+ {[%clk
1:31:41]} Qxd7 {[%clk 1:31:53]} 5. O-O {[%clk 1:31:43]} Nc6 {[%clk 1:31:54]} 6.
c3 {[%clk 1:31:46]} Nf6 {[%clk 1:32:12]} 7. d4 {[%clk 1:32:01]} Nxe4 {[%clk
1:32:00]} 8. d5 {[%clk 1:32:10]} Ne5 {[%clk 1:32:24]} 9. Nxe5 {[%clk 1:32:18]}
dxe5 {[%clk 1:32:47]} 10. Re1 {[%clk 1:32:18]} Nf6 {[%clk 1:33:10]} 11. c4
{[%clk 1:32:23]} O-O-O {[%clk 1:32:30]} 12. Nc3 {[%clk 1:32:19]} e6 {[%clk
1:31:38]} 13. Bg5 {[%clk 1:32:22]} exd5 {[%clk 1:14:51]} 14. Nxd5 {[%clk
1:22:05]} Qf5 {[%clk 1:12:31]} 15. Bxf6 {[%clk 1:18:10]} gxf6 {[%clk 1:12:54]}
16. Qb3 {[%clk 1:17:19]} Rg8 {[%clk 1:09:08]} 17. a4 {[%clk 1:12:42]} Kb8
{[%clk 1:03:33]} 18. a5 {[%clk 1:01:41]} a6 {[%clk 1:03:51]} 19. g3 {[%clk
0:52:33]} Qe6 {[%clk 0:55:18]} 20. Re2 {[%clk 0:46:11]} f5 {[%clk 0:45:43]} 21.
Kh1 {[%clk 0:44:28]} Rg4 {[%clk 0:41:26]} 22. f4 {[%clk 0:42:37]} e4 {[%clk
0:36:44]} 23. Rd1 {[%clk 0:42:49]} Rg6 {[%clk 0:33:23]} 24. Red2 {[%clk
0:40:38]} Rd6 {[%clk 0:31:09]} 25. Qe3 {[%clk 0:31:27]} Qc8 {[%clk 0:27:39]}
26. b4 {[%clk 0:29:54]} cxb4 {[%clk 0:24:38]} 27. c5 {[%clk 0:28:45]} Rc6
{[%clk 0:24:54]} 28. Nxb4 {[%clk 0:28:57]} Bxc5 {[%clk 0:25:03]} 29. Qb3 {[%clk
0:28:11]} Rcd6 {[%clk 0:23:55]} 30. Nxa6+ {[%clk 0:26:31]} Ka7 {[%clk 0:21:35]}
31. Rxd6 {[%clk 0:25:16]} Rxd6 {[%clk 0:20:45]} 32. Rxd6 {[%clk 0:23:32]} Bxd6
{[%clk 0:21:09]} 33. Qb6+ {[%clk 0:23:57]} Ka8 {[%clk 0:21:35]} 34. Qxd6 {[%clk
0:23:31]} bxa6 {[%clk 0:21:49]} 35. Qd5+ {[%clk 0:23:24]} Qb7 {[%clk 0:21:03]}
36. Qd8+ {[%clk 0:23:36]} Ka7 {[%clk 0:21:13]} 1/2-1/2

[Event "DVM U20 2016"]
[Site "Borken-Gemen GER"]
[Date "2016.12.28"]
[Round "3"]
[White "Kololli, Martin"]
[Black "Sabirov, Ramil"]
[Result "1-0"]
[Termination "normal"]
[Board "3.2"]
[WhiteElo "2231"]
[BlackElo "1996"]
[WhiteClock "00:34:45"]
[BlackClock "00:08:32"]
[WhiteTeam "Lübecker SV"]
[BlackTeam "SG Porz"]
[PlyCount "47"]
[WhiteFideId "12936910"]
[BlackFideId "12900303"]
[EventCountry "GER"]
[EventRounds "7"]
[EventType "team-swiss"]
[EventDate "2016.12.26"]

1. e4 {[%clk 1:30:55]} c5 {[%clk 1:30:54]} 2. c3 {[%clk 1:31:20]} Nf6 {[%clk
1:31:21]} 3. e5 {[%clk 1:31:47]} Nd5 {[%clk 1:31:47]} 4. d4 {[%clk 1:32:12]}
cxd4 {[%clk 1:32:12]} 5. Nf3 {[%clk 1:32:37]} Nc6 {[%clk 1:32:24]} 6. cxd4
{[%clk 1:32:53]} d6 {[%clk 1:32:50]} 7. Bc4 {[%clk 1:33:17]} Nb6 {[%clk
1:33:16]} 8. Bb5 {[%clk 1:33:42]} dxe5 {[%clk 1:33:40]} 9. Nxe5 {[%clk
1:34:05]} Bd7 {[%clk 1:34:05]} 10. Nxd7 {[%clk 1:32:59]} Qxd7 {[%clk 1:34:29]}
11. O-O {[%clk 1:32:30]} Rd8 {[%clk 1:29:53]} 12. Be3 {[%clk 1:30:08]} e6
{[%clk 1:22:12]} 13. Nc3 {[%clk 1:29:13]} Be7 {[%clk 1:20:26]} 14. Qg4 {[%clk
1:21:51]} O-O {[%clk 1:16:55]} 15. Rad1 {[%clk 1:20:56]} Kh8 {[%clk 1:00:19]}
16. Qh3 {[%clk 1:07:49]} a6 {[%clk 0:39:26]} 17. Bd3 {[%clk 0:59:01]} g6 {[%clk
0:33:32]} 18. Ne4 {[%clk 0:51:39]} Qd5 {[%clk 0:28:48]} 19. Nc5 {[%clk
0:46:53]} Rb8 {[%clk 0:16:56]} 20. Be4 {[%clk 0:40:52]} Qxa2 {[%clk 0:11:50]}
21. Ra1 {[%clk 0:39:04]} Qxb2 {[%clk 0:09:47]} 22. Rab1 {[%clk 0:38:14]} Qc3
{[%clk 0:08:41]} 23. Rxb6 {[%clk 0:35:40]} Nxd4 {[%clk 0:08:32]} 24. Nd7 {[%clk
0:34:45]} 1-0

[Event "DVM U20 2016"]
[Site "Borken-Gemen GER"]
[Date "2016.12.28"]
[Round "3"]
[White "Padva, Leo"]
[Black "Poghosyan, Tigran"]
[Result "1-0"]
[Termination "normal"]
[Board "3.3"]
[WhiteElo "1937"]
[BlackElo "2063"]
[WhiteClock "00:15:18"]
[BlackClock "00:30:23"]
[WhiteTeam "SG Porz"]
[BlackTeam "Lübecker SV"]
[PlyCount "58"]
[WhiteFideId "12964379"]
[BlackFideId "12909319"]
[EventCountry "GER"]
[EventRounds "7"]
[EventType "team-swiss"]
[EventDate "2016.12.26"]

1. e4 {[%clk 1:30:58]} c5 {[%clk 1:30:56]} 2. Nf3 {[%clk 1:31:24]} d6 {[%clk
1:31:17]} 3. d4 {[%clk 1:31:48]} cxd4 {[%clk 1:31:41]} 4. Nxd4 {[%clk 1:32:16]}
Nf6 {[%clk 1:32:02]} 5. Nc3 {[%clk 1:32:34]} a6 {[%clk 1:32:29]} 6. Bg5 {[%clk
1:32:57]} Nbd7 {[%clk 1:32:55]} 7. Qe2 {[%clk 1:33:05]} Qc7 {[%clk 1:32:47]} 8.
g4 {[%clk 1:29:52]} e6 {[%clk 1:25:19]} 9. O-O-O {[%clk 1:29:52]} b5 {[%clk
1:24:44]} 10. Bg2 {[%clk 1:29:55]} Bb7 {[%clk 1:23:37]} 11. f4 {[%clk 1:29:45]}
Rc8 {[%clk 1:11:48]} 12. Bxf6 {[%clk 1:23:26]} Nxf6 {[%clk 1:10:33]} 13. e5
{[%clk 1:10:29]} Bxg2 {[%clk 1:02:00]} 14. exf6 {[%clk 1:04:34]} Bxh1 {[%clk
0:59:08]} 15. Rxh1 {[%clk 1:01:29]} Qc4 {[%clk 0:59:00]} 16. Qd2 {[%clk
0:53:02]} b4 {[%clk 0:57:16]} 17. Ne4 {[%clk 0:49:49]} gxf6 {[%clk 0:46:47]}
18. b3 {[%clk 0:49:59]} Qc7 {[%clk 0:46:58]} 19. f5 {[%clk 0:37:23]} e5 {[%clk
0:42:11]} 20. Nxf6+ Kd8 21. Nd5 {[%clk 0:26:16]} Qa5 {[%clk 0:41:21]} 22. Nxb4
{[%clk 0:17:52]} Qa3+ 23. Kb1 exd4 {[%clk 0:35:58]} 24. Qxd4 Rg8 25. Re1 {[%clk
0:16:25]} Kd7 {[%clk 0:30:56]} 26. Nd5 {[%clk 0:15:11]} Kc6 {[%clk 0:29:52]}
27. Qb6+ {[%clk 0:14:38]} Kxd5 {[%clk 0:30:18]} 28. Rd1+ {[%clk 0:14:57]} Ke4
{[%clk 0:30:23]} 29. Qd4+ {[%clk 0:15:18]} Kd5 1-0

[Event "DVM U20 2016"]
[Site "Borken-Gemen GER"]
[Date "2016.12.28"]
[Round "3"]
[White "Tiedemann, Fin Niklas"]
[Black "Spindler, Florian"]
[Result "0-1"]
[Termination "normal"]
[Board "3.4"]
[WhiteElo "1911"]
[BlackElo "1893"]
[WhiteClock "00:00:38"]
[BlackClock "00:01:09"]
[WhiteTeam "Lübecker SV"]
[BlackTeam "SG Porz"]
[PlyCount "74"]
[WhiteFideId "12936936"]
[BlackFideId "12964387"]
[EventCountry "GER"]
[EventRounds "7"]
[EventType "team-swiss"]
[EventDate "2016.12.26"]

1. e4 {[%clk 1:30:57]} c5 {[%clk 1:30:56]} 2. c3 {[%clk 1:31:21]} Nf6 {[%clk
1:31:21]} 3. e5 {[%clk 1:31:46]} Nd5 {[%clk 1:31:47]} 4. d4 {[%clk 1:32:04]}
cxd4 {[%clk 1:32:03]} 5. Nf3 {[%clk 1:32:28]} e6 {[%clk 1:31:56]} 6. cxd4
{[%clk 1:32:33]} Nc6 {[%clk 1:31:58]} 7. a3 {[%clk 1:32:17]} d6 {[%clk
1:30:03]} 8. Bd3 {[%clk 1:30:57]} Qc7 {[%clk 1:25:50]} 9. exd6 {[%clk 0:57:54]}
Bxd6 {[%clk 1:26:00]} 10. O-O {[%clk 0:57:54]} O-O {[%clk 1:13:22]} 11. Nc3
{[%clk 0:55:11]} Nxc3 {[%clk 1:02:39]} 12. bxc3 {[%clk 0:55:34]} g6 {[%clk
0:58:56]} 13. Re1 {[%clk 0:50:42]} Re8 {[%clk 0:55:09]} 14. Ng5 {[%clk
0:43:45]} Bxh2+ {[%clk 0:44:41]} 15. Kh1 {[%clk 0:44:09]} Bf4 {[%clk 0:44:07]}
16. Ne4 {[%clk 0:43:41]} Kg7 {[%clk 0:43:37]} 17. Qf3 {[%clk 0:43:29]} Bxc1
{[%clk 0:42:26]} 18. Qf6+ {[%clk 0:40:27]} Kg8 {[%clk 0:41:49]} 19. Raxc1
{[%clk 0:27:40]} Qe7 {[%clk 0:32:51]} 20. Rb1 {[%clk 0:15:16]} Rd8 {[%clk
0:30:51]} 21. Qf4 {[%clk 0:06:52]} Kg7 {[%clk 0:28:28]} 22. Bc2 {[%clk
0:05:47]} Rd5 {[%clk 0:25:03]} 23. Kg1 {[%clk 0:03:28]} b6 {[%clk 0:20:11]} 24.
Ng3 {[%clk 0:02:31]} Qd6 {[%clk 0:08:36]} 25. Qf3 {[%clk 0:01:53]} Bb7 {[%clk
0:06:34]} 26. Bb3 {[%clk 0:02:15]} Ra5 {[%clk 0:05:05]} 27. Qg4 {[%clk
0:01:39]} Ne7 {[%clk 0:03:11]} 28. Ne4 {[%clk 0:00:54]} Bxe4 {[%clk 0:02:15]}
29. Qxe4 {[%clk 0:01:19]} Rc8 {[%clk 0:01:47]} 30. c4 {[%clk 0:01:12]} Nf5
{[%clk 0:01:19]} 31. d5 {[%clk 0:01:07]} exd5 {[%clk 0:01:04]} 32. cxd5 {[%clk
0:01:32]} Rxa3 {[%clk 0:00:57]} 33. g4 {[%clk 0:01:40]} Nh4 {[%clk 0:00:37]}
34. f4 {[%clk 0:00:47]} Qc5+ {[%clk 0:00:39]} 35. Re3 {[%clk 0:00:46]} a5
{[%clk 0:00:34]} 36. Qe5+ {[%clk 0:00:40]} Kg8 {[%clk 0:00:52]} 37. f5 {[%clk
0:00:38]} Nf3+ {[%clk 0:01:09]} 0-1

[Event "DVM U20 2016"]
[Site "Borken-Gemen GER"]
[Date "2016.12.28"]
[Round "3"]
[White "Niesel, Tobias"]
[Black "Bosselmann, Tom Linus"]
[Result "0-1"]
[Termination "normal"]
[Board "3.5"]
[WhiteElo "1887"]
[BlackElo "1919"]
[WhiteClock "00:33:08"]
[BlackClock "00:43:44"]
[WhiteTeam "SG Porz"]
[BlackTeam "Lübecker SV"]
[PlyCount "58"]
[WhiteFideId "12962155"]
[BlackFideId "12983845"]
[EventCountry "GER"]
[EventRounds "7"]
[EventType "team-swiss"]
[EventDate "2016.12.26"]

1. c4 {[%clk 1:30:56]} e5 {[%clk 1:30:51]} 2. g3 {[%clk 1:31:17]} Nc6 {[%clk
1:31:12]} 3. Bg2 {[%clk 1:31:35]} f5 {[%clk 1:31:27]} 4. Nc3 {[%clk 1:31:53]}
Nf6 {[%clk 1:31:45]} 5. e3 {[%clk 1:31:41]} d5 {[%clk 1:31:39]} 6. cxd5 {[%clk
1:31:06]} Nb4 {[%clk 1:32:00]} 7. d3 {[%clk 1:31:10]} Nbxd5 {[%clk 1:32:03]} 8.
a3 {[%clk 1:26:34]} Be6 {[%clk 1:26:44]} 9. Nge2 {[%clk 1:26:32]} Be7 {[%clk
1:26:14]} 10. O-O {[%clk 1:26:22]} O-O {[%clk 1:26:15]} 11. Qc2 {[%clk
1:24:38]} Rc8 {[%clk 1:24:30]} 12. b3 {[%clk 1:22:51]} c6 {[%clk 1:23:44]} 13.
Bb2 {[%clk 1:22:39]} Bd6 {[%clk 1:19:45]} 14. Rfd1 {[%clk 1:19:57]} Qe7 {[%clk
1:17:45]} 15. Bc1 {[%clk 0:48:21]} Rcd8 {[%clk 1:12:35]} 16. h3 {[%clk
0:43:21]} Qf7 {[%clk 1:10:55]} 17. Rb1 {[%clk 0:43:09]} Qh5 {[%clk 1:04:01]}
18. Nxd5 {[%clk 0:39:21]} Bxd5 {[%clk 0:58:21]} 19. Bb2 {[%clk 0:35:05]} Bxg2
{[%clk 0:55:13]} 20. Kxg2 {[%clk 0:35:27]} f4 {[%clk 0:55:20]} 21. exf4 {[%clk
0:32:29]} exf4 {[%clk 0:53:45]} 22. Ng1 {[%clk 0:31:56]} fxg3 {[%clk 0:50:10]}
23. fxg3 {[%clk 0:32:21]} Qd5+ {[%clk 0:43:35]} 24. Nf3 {[%clk 0:32:12]} Ng4
{[%clk 0:43:06]} 25. hxg4 {[%clk 0:32:33]} Qxf3+ {[%clk 0:43:29]} 26. Kg1
{[%clk 0:32:54]} Qe3+ {[%clk 0:43:41]} 27. Kh1 {[%clk 0:33:13]} Rf2 {[%clk
0:43:17]} 28. Qc4+ {[%clk 0:33:21]} Kh8 {[%clk 0:43:20]} 29. Bxg7+ {[%clk
0:33:08]} Kxg7 {[%clk 0:43:44]} 0-1

[Event "DVM U20 2016"]
[Site "Borken-Gemen GER"]
[Date "2016.12.28"]
[Round "3"]
[White "Rietschel, Tilo"]
[Black "Sewald, Kathrin"]
[Result "1/2-1/2"]
[Termination "normal"]
[Board "3.6"]
[WhiteElo "1856"]
[BlackElo "1858"]
[WhiteClock "00:20:52"]
[BlackClock "00:09:17"]
[WhiteTeam "Lübecker SV"]
[BlackTeam "SG Porz"]
[PlyCount "42"]
[WhiteFideId "16208390"]
[BlackFideId "12964557"]
[EventCountry "GER"]
[EventRounds "7"]
[EventType "team-swiss"]
[EventDate "2016.12.26"]

1. e4 {[%clk 1:30:58]} e5 {[%clk 1:30:53]} 2. Nf3 {[%clk 1:31:25]} Nc6 {[%clk
1:31:17]} 3. Bb5 {[%clk 1:31:51]} g6 {[%clk 1:31:12]} 4. c3 {[%clk 1:32:16]}
Nge7 {[%clk 1:29:30]} 5. d4 {[%clk 1:31:50]} exd4 {[%clk 1:29:48]} 6. cxd4
{[%clk 1:32:15]} d5 {[%clk 1:29:55]} 7. O-O {[%clk 1:31:15]} Bg7 {[%clk
1:20:11]} 8. exd5 {[%clk 1:31:15]} Nxd5 {[%clk 1:15:14]} 9. Re1+ {[%clk
1:30:40]} Be6 {[%clk 1:12:05]} 10. Nc3 {[%clk 1:21:47]} O-O {[%clk 1:06:01]}
11. h3 {[%clk 1:16:54]} Nce7 {[%clk 0:54:16]} 12. Bg5 {[%clk 1:07:19]} Qd6
{[%clk 0:42:04]} 13. Qd2 {[%clk 1:05:04]} Nf5 {[%clk 0:36:18]} 14. Rad1 {[%clk
1:02:31]} c6 {[%clk 0:32:26]} 15. Ba4 {[%clk 0:58:12]} Rfe8 {[%clk 0:26:07]}
16. Ne4 {[%clk 0:48:58]} Qf8 {[%clk 0:21:22]} 17. Nc5 {[%clk 0:45:05]} h6
{[%clk 0:20:56]} 18. Bf4 {[%clk 0:36:12]} Nxf4 {[%clk 0:17:32]} 19. Qxf4 {[%clk
0:35:58]} Bd5 {[%clk 0:15:20]} 20. Ne5 {[%clk 0:26:11]} Qd6 {[%clk 0:12:26]}
21. Bb3 {[%clk 0:20:52]} Bxe5 {[%clk 0:09:17]} 1/2-1/2

[Event "DVM U20 2016"]
[Site "Borken-Gemen GER"]
[Date "2016.12.28"]
[Round "3"]
[White "Hartge, Gedeon"]
[Black "Keller, Peter"]
[Result "1/2-1/2"]
[Termination "normal"]
[Board "4.1"]
[BlackTitle "FM"]
[WhiteElo "2088"]
[BlackElo "2285"]
[WhiteTeam "USV Halle"]
[BlackTeam "Frankfurter TV"]
[PlyCount "48"]
[WhiteFideId "12932116"]
[BlackFideId "1272105"]
[EventCountry "GER"]
[EventRounds "7"]
[EventType "team-swiss"]
[EventDate "2016.12.26"]

1.d4 g6 2.e4 c6 3.Bd3 d5 4.e5 Bg7 5.c3 Nh6 6.Bf4 f6 7.Nf3 O-O 8.O-O Bg4 9. Nbd2
Nd7 10.Qc2 fxe5 11.Bxe5 Nxe5 12.Nxe5 Bxe5 13.dxe5 Bf5 14.Nb3 Qc8 15. Rae1 e6
16.Nd4 Bxd3 17.Qxd3 Nf5 18.Nf3 c5 19.b3 Qd7 20.Ng5 Rac8 21.Ne4 Qg7 22.Nf6+ Kh8
23.g4 Nh6 24.f4 Ng8 1/2-1/2

[Event "DVM U20 2016"]
[Site "Borken-Gemen GER"]
[Date "2016.12.28"]
[Round "3"]
[White "Diyap, Murat"]
[Black "Gröbel, Aaron"]
[Result "1/2-1/2"]
[Termination "normal"]
[Board "4.2"]
[WhiteElo "2084"]
[BlackElo "1977"]
[WhiteTeam "Frankfurter TV"]
[BlackTeam "USV Halle"]
[PlyCount "45"]
[WhiteFideId "1272104"]
[BlackFideId "12914851"]
[EventCountry "GER"]
[EventRounds "7"]
[EventType "team-swiss"]
[EventDate "2016.12.26"]

1.e4 e5 2.Nf3 Nc6 3.Bc4 Bc5 4.c3 Nf6 5.d3 d6 6.Bb3 h6 7.Nbd2 Bb6 8.Nf1 O-O
9.Ng3 Ne7 10.Nh4 g5 11.Qf3 Ng4 12.Nhf5 Nxf5 13.exf5 Nf6 14.Ne4 Kg7 15.g4 Nxe4
16.dxe4 Bd7 17.Bd2 f6 18.O-O-O Qe7 19.h4 Rh8 20.Rh3 Raf8 21.Rdh1 Be8 22.Qg3 Rh7
23.Kc2 1/2-1/2

[Event "DVM U20 2016"]
[Site "Borken-Gemen GER"]
[Date "2016.12.28"]
[Round "3"]
[White "Schulte, Felix"]
[Black "Engel, Jan"]
[Result "1/2-1/2"]
[Termination "normal"]
[Board "4.3"]
[WhiteElo "1892"]
[BlackElo "1882"]
[WhiteTeam "USV Halle"]
[BlackTeam "Frankfurter TV"]
[PlyCount "57"]
[WhiteFideId "12914800"]
[BlackFideId "12993557"]
[EventCountry "GER"]
[EventRounds "7"]
[EventType "team-swiss"]
[EventDate "2016.12.26"]

1.d4 d5 2.c4 c6 3.cxd5 cxd5 4.Nc3 Nf6 5.Nf3 Nc6 6.Bf4 Bf5 7.Qb3 Qb6 8.Qxb6 axb6
9.e3 e6 10.Bb5 Bb4 11.O-O O-O 12.Rfc1 h6 13.a3 Be7 14.h3 Na5 15.Nd2 Rfc8 16.f3
Nc6 17.Kf2 Bg6 18.Ke2 Nh5 19.Bh2 Bh4 20.Na4 Bd8 21.g4 Nf6 22. Nc3 Bc7 23.Bxc7
Rxc7 24.Bd3 Bxd3+ 25.Kxd3 Rac8 26.Ne2 b5 27.b4 Nd7 28.Nb3 Na7 29.e4 1/2-1/2

[Event "DVM U20 2016"]
[Site "Borken-Gemen GER"]
[Date "2016.12.28"]
[Round "3"]
[White "Pham, Phuong-Bao"]
[Black "Perekhozhuk, Maksym"]
[Result "0-1"]
[Termination "normal"]
[Board "4.4"]
[WhiteElo "1840"]
[BlackElo "1912"]
[WhiteTeam "Frankfurter TV"]
[BlackTeam "USV Halle"]
[PlyCount "74"]
[WhiteFideId "12939196"]
[BlackFideId "12914860"]
[EventCountry "GER"]
[EventRounds "7"]
[EventType "team-swiss"]
[EventDate "2016.12.26"]

1.g3 c5 2.Bg2 Nf6 3.c4 d5 4.cxd5 Nxd5 5.Nc3 Nc7 6.Nf3 Nc6 7.d3 e5 8.O-O Be7
9.Bd2 Be6 10.Qa4 O-O 11.Rfc1 Rb8 12.Ne4 b6 13.b4 b5 14.Qc2 c4 15.dxc4 bxc4
16.Nc5 Bxc5 17.bxc5 Nd4 18.Qe4 Nxf3+ 19.Bxf3 Qxd2 20.Qxe5 Nb5 21.Rd1 Qc3 22.Qe4
Rbd8 23.Qb7 Nd4 24.Kg2 Nxf3 25.exf3 Qe5 26.c6 Rc8 27.Re1 Qc7 28.Rab1 Bd5 29.Re7
Qxc6 30.Qxc6 Rxc6 31.Rxa7 g6 32.a4 c3 33.Rd7 Be6 34. Rdb7 Rd8 35.Rc1 Rd3 36.a5
Bd5 37.Rb8+ Kg7 0-1

[Event "DVM U20 2016"]
[Site "Borken-Gemen GER"]
[Date "2016.12.28"]
[Round "3"]
[White "Rudolf, Henning"]
[Black "De Andrade, Leon"]
[Result "1-0"]
[Termination "normal"]
[Board "4.5"]
[WhiteElo "1848"]
[BlackElo "1737"]
[WhiteTeam "USV Halle"]
[BlackTeam "Frankfurter TV"]
[PlyCount "65"]
[WhiteFideId "12994596"]
[BlackFideId "12993158"]
[EventCountry "GER"]
[EventRounds "7"]
[EventType "team-swiss"]
[EventDate "2016.12.26"]

1.e4 e6 2.d4 d5 3.Nc3 Nf6 4.e5 Nfd7 5.Nce2 c5 6.c3 Nc6 7.f4 Be7 8.Nf3 O-O 9.a3
c4 10.b3 cxb3 11.Qxb3 Na5 12.Qc2 Nb6 13.h4 Bd7 14.Ng5 g6 15.h5 Bxg5 16.fxg5 Bb5
17.Ng3 Bc4 18.Bxc4 Naxc4 19.Nf1 Rc8 20.Nh2 Qc7 21.Ng4 Nd7 22. hxg6 fxg6 23.Nf6+
Nxf6 24.gxf6 Nxe5 25.dxe5 Qxe5+ 26.Kf1 Rxf6+ 27.Kg1 Qxc3 28.Qd1 Rc4 29.Rb1 Rd4
30.Bd2 Rd3 31.Rh4 b6 32.Rc1 Kg7 33.Bh6+ 1-0

[Event "DVM U20 2016"]
[Site "Borken-Gemen GER"]
[Date "2016.12.28"]
[Round "3"]
[White "Werle, Joshua"]
[Black "Kretzschmar, Arnd"]
[Result "0-1"]
[Termination "normal"]
[Board "4.6"]
[WhiteElo "1800"]
[BlackElo "1959"]
[WhiteTeam "Frankfurter TV"]
[BlackTeam "USV Halle"]
[PlyCount "106"]
[WhiteFideId "12973890"]
[BlackFideId "12914835"]
[EventCountry "GER"]
[EventRounds "7"]
[EventType "team-swiss"]
[EventDate "2016.12.26"]

1.Nf3 Nf6 2.g3 c5 3.c4 g6 4.Bg2 Bg7 5.O-O O-O 6.Nc3 d6 7.d4 cxd4 8.Nxd4 a6
9.Qb3 Qc7 10.Bg5 Nc6 11.Nxc6 bxc6 12.Rac1 Rb8 13.Qa3 h6 14.Bd2 c5 15.b3 Bb7
16.e4 Nd7 17.Nd5 Bxd5 18.exd5 Ne5 19.Rcd1 a5 20.Qc1 Kh7 21.f4 Nd3 22. Qb1 Bd4+
23.Kh1 Nf2+ 24.Rxf2 Bxf2 25.Bc3 Bd4 26.Bxd4 cxd4 27.f5 a4 28. fxg6+ fxg6 29.Re1
Rf6 30.Qd3 axb3 31.axb3 Qd7 32.Re4 Ra8 33.Qxd4 Qa7 34. Qd1 Raf8 35.Qe1 R8f7
36.Bh3 Kg7 37.Re2 Rf2 38.Qc3+ Kh7 39.Rxf2 Qxf2 40.Bg2 Qe2 41.Qa1 Rf2 42.Qg1 Qd2
43.b4 Re2 44.b5 Re1 45.Bf1 Qc2 46.h4 Qe4+ 47.Kh2 Qf5 48.Kg2 Rc1 49.b6 Qe4+
50.Kh2 Rc2+ 51.Bg2 Qxc4 52.b7 Rb2 53.Qa7 Qxd5 0-1

[Event "DVM U20 2016"]
[Site "Borken-Gemen GER"]
[Date "2016.12.28"]
[Round "3"]
[White "Peng, Xiang-Tobias"]
[Black "Stricker, Florian"]
[Result "1-0"]
[Termination "normal"]
[Board "5.1"]
[WhiteElo "2144"]
[BlackElo "2115"]
[WhiteTeam "Heilbronner SV"]
[BlackTeam "SG Bochum"]
[PlyCount "71"]
[WhiteFideId "12964328"]
[BlackFideId "12976385"]
[EventCountry "GER"]
[EventRounds "7"]
[EventType "team-swiss"]
[EventDate "2016.12.26"]

1.e4 e6 2.d4 d5 3.exd5 exd5 4.Bd3 Nf6 5.Nf3 Be7 6.Bf4 O-O 7.O-O Nbd7 8.Re1 Re8
9.Nc3 c6 10.Ne2 Nf8 11.Ng3 Ng6 12.Bg5 Nd7 13.Qd2 f6 14.Bf4 Ndf8 15.h4 Nxf4
16.Qxf4 Ng6 17.Qe3 Bd7 18.Bxg6 hxg6 19.Qd3 Bb4 20.c3 Bf8 21.Qxg6 Rxe1+ 22.Rxe1
Be8 23.Qg4 Qc8 24.Qf4 Qb8 25.Qd2 Bd7 26.Qd3 Qc8 27.h5 Be8 28.Nh2 Bf7 29.Qf3 Qd7
30.h6 Re8 31.Rxe8 Qxe8 32.Ng4 Qe1+ 33.Kh2 Qb1 34.Nf5 Be6 35.hxg7 Bxg7 36.Nge3
1-0